00503nam a2200121Ia 45000010005000000080041000050820019000461000152000652450098002172600024003159010027003399990015003662267241024s9999 xx 000 0 und d aRD/333.7/R426t aRepública Dominicana.Ministerio de Economía, Planificación y Desarrollo (MEPYD). Dirección General de Ordenamiento y Desarrollo Territorial 0aTres años de Gestión. "Hacia el ordenamiento del territorio para un desarrollo sostenible bSanto Domingoc2011 a18/5/2012 2:30:58 p.m. c9694d9694